| 000 | 00498nam a2200181 a 4500 | ||
|---|---|---|---|
| 001 | 000018619 | ||
| 005 | 20200929165830.0 | ||
| 008 | 100512s1973 sp r 000 f spa d | ||
| 020 | _a8472502074 | ||
| 040 |
_aDO-SdBNP _bspa _cBNPHU |
||
| 082 |
_a843.8 _bZ86g |
||
| 100 | 1 |
_aZola, Émile, _d1840-1902 _93605 |
|
| 245 | 1 | 0 |
_aGerminal / _cZola Emilio. |
| 260 |
_aBarcelona : _bPetronio, _c1973. |
||
| 300 |
_a415 p. ; _c21 cm. |
||
| 650 | 4 |
_aNovela francesa _91075 |
|
| 650 | 4 |
_aLiteratura francesa _91074 |
|
| 999 |
_c18139 _d18139 |
||